00405 2200157 4500001002100000005001700021006001900038008004100057020001800098035002500116100001900141245002800160260001700188990002100205990002100226INLIS00000000001002820150221130232.0a ||| | 170609| ||| |  a979-941-403-2 a0010-0215000000004300 aAgus Kurniawan00aMenjadi bintang pelajar a-bSICc1999 a1421/b/kpad/2010 a1423/b/kpad/2010